| 000 | 00473nam a2200169 a 4500 | ||
|---|---|---|---|
| 001 | 2743 | ||
| 003 | CDMR | ||
| 005 | 20130325122115.0 | ||
| 008 | 130130s1997||||||||||||||||||||||||||||d | ||
| 020 | _a8479354461 | ||
| 040 |
_aCDMR _bcat _cCPC LLEIDA |
||
| 245 | 0 | 0 |
_aMarcel Proust _cÀngels Santa (ed.) _b: camins creuats III : homenatge a Víctor Siurana |
| 260 |
_aLleida _c1997 _bPagès |
||
| 490 | 0 |
_aEl Fil d'Ariadna _v27 |
|
| 700 | 1 |
_9238 _aSanta, Àngels |
|
| 942 |
_cMON _2udc |
||
| 999 |
_c2743 _d2743 |
||